Knitting with Beads (Record no. 49105)
[ view plain ]
| 000 -LEADER | |
|---|---|
| fixed length control field | 00471nam a2200181Ia 4500 |
| 008 - FIXED-LENGTH DATA ELEMENTS--GENERAL INFORMATION | |
| fixed length control field | 220805s9999 xx 000 0 und d |
| 020 ## - INTERNATIONAL STANDARD BOOK NUMBER | |
| International Standard Book Number | 978-1-57990-250-2 |
| 041 ## - LANGUAGE CODE | |
| Language code of text/sound track or separate title | eng |
| 082 ## - DEWEY DECIMAL CLASSIFICATION NUMBER | |
| Classification number | 746.4320432 |
| 100 ## - MAIN ENTRY--PERSONAL NAME | |
| Personal name | Davis, Jane |
| 9 (RLIN) | 89258 |
| 260 ## - PUBLICATION, DISTRIBUTION, ETC. (IMPRINT) | |
| Place of publication, distribution, etc. | New york |
| Name of publisher, distributor, etc. | Lark books, |
| Date of publication, distribution, etc. | 2003 |
| 245 ## - TITLE STATEMENT | |
| Title | Knitting with Beads |
| 245 ## - TITLE STATEMENT | |
| Remainder of title | 30 Beautiful Sweaters ,Scarves, hats and Gloves |
| 250 ## - EDITION STATEMENT | |
| Edition statement | 1 |
| 300 ## - PHYSICAL DESCRIPTION | |
| Extent | 128 |
| 650 ## - SUBJECT ADDED ENTRY--TOPICAL TERM | |
| Topical term or geographic name as entry element | Beadwork |
| 9 (RLIN) | 89259 |
| 650 ## - SUBJECT ADDED ENTRY--TOPICAL TERM | |
| Topical term or geographic name as entry element | knitting |
| 9 (RLIN) | 89260 |
| Withdrawn status | Lost status | Damaged status | Not for loan | Collection code | Home library | Current library | Date acquired | Vendor | Cost, normal purchase price | Full call number | Barcode | Date last seen | Bill Date | Koha item type | Original Barcode |
|---|---|---|---|---|---|---|---|---|---|---|---|---|---|---|---|
| Manilal Nanavati Vocational Training Institute Pune | Manilal Nanavati Vocational Training Institute Pune | 09/08/2022 | Donated | 2750.00 | 746.4320432/DAV/DB1768 | MNVT-DB-1768 | 09/08/2022 | 09/08/2022 | Donated Book | DB1768 |